Optoelectronics Vol.2 / (Record no. 181908)

000 -LEADER
fixed length control field 01170 a2200217 4500
003 - CONTROL NUMBER IDENTIFIER
control field Nust
005 - DATE AND TIME OF LATEST TRANSACTION
control field 20221123110424.0
010 ## - LIBRARY OF CONGRESS CONTROL NUMBER
LC control number 96072184
020 ## - INTERNATIONAL STANDARD BOOK NUMBER
International Standard Book Number 0790610914
040 ## - CATALOGING SOURCE
Transcribing agency Nust
082 00 - DEWEY DECIMAL CLASSIFICATION NUMBER
Classification number 621.381045,MAR
100 1# - MAIN ENTRY--PERSONAL NAME
Personal name Martin, Vaughn
9 (RLIN) 103405
245 10 - TITLE STATEMENT
Title Optoelectronics Vol.2 /
Statement of responsibility, etc. Vaughn D. Martin.
250 ## - EDITION STATEMENT
Remainder of edition statement Vol. 2
260 ## - PUBLICATION, DISTRIBUTION, ETC.
Place of publication, distribution, etc. Indianapolis, IN :
Name of publisher, distributor, etc. Prompt Publications,
Date of publication, distribution, etc. c1997
300 ## - PHYSICAL DESCRIPTION
Extent 264p
Other physical details ill. ;
Dimensions 28 cm.
505 0# - FORMATTED CONTENTS NOTE
Formatted contents note UV Theory and Application (Page-7), IR Theory and Application : Non – Contact Temperature Measurement (Page-31), IR DA and Bar Code IR Applications and Wrist Instruments (Page-55), Opt couplers (Page-87), Quiz (Page-101), Phototransistors and Opt interrupters (Page-103), Quiz (Page-113), Optical Triac Drivers (Page-115), Quiz (Page-125), Photoelectric Sensing (Pag-127), Quiz (Page-143), Experimenting With Modern Optoelectronics - ICs (Page-145), Quiz (Page-157), Experimenting With The TSL Series of Optoelectronic s IC (Page-159), Quiz (Page-171), Optoelectronics Projects (Page-173), Quiz (Page-221),
650 #0 - SUBJECT ADDED ENTRY--TOPICAL TERM
Topical term or geographic name entry element Optoelectronics.
9 (RLIN) 55912
650 #0 - SUBJECT ADDED ENTRY--TOPICAL TERM
Topical term or geographic name entry element Telecommunication Engineering
942 ## - ADDED ENTRY ELEMENTS (KOHA)
Source of classification or shelving scheme
Koha item type Book
Holdings
Withdrawn status Lost status Source of classification or shelving scheme Damaged status Not for loan Permanent Location Current Location Shelving location Date acquired Full call number Barcode Date last seen Price effective from Koha item type Public note
          Military College of Signals (MCS) Military College of Signals (MCS) General Stacks 12/12/2016 621.381045,MAR MCS31867 12/08/2016 12/12/2016 Book Almirah No.32, Shelf No.1
© 2023 Central Library, National University of Sciences and Technology. All Rights Reserved.